The Calculus Companion to Accompany Calculus With Analytic Geometry / (Record no. 616697)

000 -LEADER
fixed length control field 00635nam a22001817a 4500
003 - CONTROL NUMBER IDENTIFIER
control field NUST
005 - DATE AND TIME OF LATEST TRANSACTION
control field 20260316121617.0
008 - FIXED-LENGTH DATA ELEMENTS--GENERAL INFORMATION
fixed length control field 260316b ||||| |||| 00| 0 eng d
020 ## - INTERNATIONAL STANDARD BOOK NUMBER
International Standard Book Number 978-0471106784
082 ## - DEWEY DECIMAL CLASSIFICATION NUMBER
Classification number 515
Author Mark BAR
100 ## - MAIN ENTRY--PERSONAL NAME
Personal name Howard Anton, William H. Barker, James E. Ward.
9 (RLIN) 133739
245 ## - TITLE STATEMENT
Title The Calculus Companion to Accompany Calculus With Analytic Geometry /
Remainder of title To Accompany Calculus With Analytic Geometry /
Statement of responsibility, etc. Howard Anton, William H. Barker, James E. Ward.
250 ## - EDITION STATEMENT
Edition statement 5th Edition
260 ## - PUBLICATION, DISTRIBUTION, ETC.
Place of publication, distribution, etc. USA:
Name of publisher, distributor, etc. John Wiley & Sons Inc.
Date of publication, distribution, etc. 1995.
300 ## - PHYSICAL DESCRIPTION
Extent 768 p ;
Dimensions 34.00 cm
563 ## - BINDING INFORMATION
Binding note Paperback
942 ## - ADDED ENTRY ELEMENTS (KOHA)
Source of classification or shelving scheme
Koha item type Book
Holdings
Withdrawn status Lost status Source of classification or shelving scheme Damaged status Not for loan Permanent Location Current Location Date acquired Total Checkouts Full call number Barcode Date last seen Price effective from Koha item type
          Institute of Geographical Information Systems (IGIS) Institute of Geographical Information Systems (IGIS) 03/16/2026   515 BAR IGIS-640 03/16/2026 03/16/2026 Book
          Institute of Geographical Information Systems (IGIS) Institute of Geographical Information Systems (IGIS) 03/16/2026   515 BAR IGIS-641 03/16/2026 03/16/2026 Book
© 2023 Central Library, National University of Sciences and Technology. All Rights Reserved.